00281nam a2200109Ia 4500008004100000082001600041100002500057245002400082260003800106300000900144650001800153191201s2017 xx 000 0 und d a362.109 GAL aGATTANI, Surendera G 0aLife style diseases bNirali PrakashanaNew Delhic2017 aMISC aMiscellaneous